000 00474nam a2200157Ia 4500
003 OSt
005 20230529113753.0
008 211028s2008 xx 000 0 und d
040 _cAIMIT LIBRARY
041 _aeng
100 _aGowda, G Mahanthesh; Varkey, Shine P.
_g60471516
_99002
110 _aShine P Varkey
_99003
245 _aIntestinal disease causing e-coli sequence database with sequence analysis tool package.
260 _aMangalore
_c2008
942 _2ddc
_cPRO
999 _c220164
_d220164